[Event "Oberfranken-ch U14"]
[Site "Schney"]
[Date "2015.01.04"]
[Round "4"]
[White "Timm, Leon"]
[Black "Schweens, Caspar"]
[Result "1-0"]
[WhiteElo "1098"]
[BlackElo "996"]
[PlyCount "83"]
[EventDate "2015.01.03"]
[EventType "swiss"]
[EventRounds "7"]
[EventCountry "GER"]
[SourceTitle "CBM 164 Extra"]
[Source "ChessBase"]
[SourceDate "2015.03.02"]
[SourceVersion "1"]
[SourceVersionDate "2015.03.02"]
[SourceQuality "1"]

1. e4 e5 2. Nf3 Nc6 3. Bb5 d6 4. Nc3 Bd7 5. d3 Nf6 6. Bg5 Be7 7. 0-0 0-0 8. d4 exd4 9. Nxd4 Nxd4 10. Bxd7 Qxd7 11. Qxd4 h6 12. Bh4 Qg4 13. Bg3 Rfd8 14. h3 c5 15. Qxf6 Qxg3 16. Qxe7 Re8 17. Qxe8+ Rxe8 18. fxg3 Re5 19. Rad1 Re6 20. Nd5 Rxe4 21. Nc7 Re2 22. Rf2 Re3 23. Rxd6 Rxg3 24. Rd8+ Kh7 25. Rd7 Re3 26. Rdxf7 Re1+ 27. Rf1 Re2 28. R1f2 Re1+ 29. Rf1 Re2 30. R7f2 Re7 31. Nd5 Re5 32. Nf4 Re4 33. Re2 Rb4 34. b3 Rb5 35. Ne6 a5 36. a4 Rb4 37. Rf7 Rb6 38. Rxg7+ Kh8 39. Rc7 Rd6 40. Rf2 Rd1+ 41. Kh2 b6 42. Rf8# 1-0

[Event "Oberfranken-ch U14"]
[Site "Schney"]
[Date "2015.01.03"]
[Round "2"]
[White "Timm, Leon"]
[Black "Kornitzky, Tino"]
[Result "0-1"]
[WhiteElo "1098"]
[BlackElo "1627"]
[PlyCount "100"]
[EventDate "2015.01.03"]
[EventType "swiss"]
[EventRounds "7"]
[EventCountry "GER"]
[SourceTitle "CBM 164 Extra"]
[Source "ChessBase"]
[SourceDate "2015.03.02"]
[SourceVersion "1"]
[SourceVersionDate "2015.03.02"]
[SourceQuality "1"]

1. e4 e5 2. Nf3 Nc6 3. Bc4 Bc5 4. c3 Nf6 5. d4 exd4 6. cxd4 Bb4+ 7. Bd2 Nxe4 8. Bxb4 Nxb4 9. Qe2 d5 10. a3 Qe7 11. axb4 dxc4 12. Nfd2 Nxd2 13. Qxe7+ Kxe7 14. Nxd2 b5 15. 0-0 Re8 16. Rfe1+ Kd8 17. Rxe8+ Kxe8 18. Re1+ Kf8 19. Nf3 a5 20. bxa5 Rxa5 21. Re5 Ra2 22. h3 Rxb2 23. Ng5 f6 24. Nxh7+ Kg8 25. Nxf6+ gxf6 26. Re8+ Kf7 27. Rxc8 Rb1+ 28. Kh2 Rc1 29. Rxc7+ Ke6 30. Rc5 b4 31. Rb5 b3 32. g4 Rb1 33. Rc5 b2 34. Rxc4 Rh1+ 35. Kxh1 b1Q+ 36. Kh2 Qb8+ 37. Kg2 Qd6 38. f3 Qa6 39. Rc2 Qd3 40. Rf2 Qxd4 41. Re2+ Kf7 42. Rf2 Kg6 43. h4 f5 44. h5+ Kg5 45. Kh3 Qxf2 46. gxf5 Qxf3+ 47. Kh2 Kg4 48. h6 Qh3+ 49. Kg1 Kg3 50. h7 Qg2# 0-1